zpět

Detail výsledku týmu

Spirit Bar - Žižkov, Praha

Datum a čas kvízu

30.5 Celkem bodů Celkový počet nahraných bodů na tomto kvízu bez doplňovacích otázek.
1. Pořadí na kvízu Konečné umístění týmu na tomto kvízu.

Zaznamenané odpovědi

# Otázka Odpověď Body Výsledky
1. Jedna státní instituce prostře... Státní ústav pro kontrolu léčiv 0
2. Strana hájící zájmy původních... Nový Zéland 1
3. Ačkoli je tento formát celosvě... Polda 1
4. Velká potravinářská společnost... PepsiCo 1
5. Sotva skončila slavná Tour de... Arkéa-Samsic 0
6. Podle zdroje vody se rybníky d... říční rybník 0
7. Na obrázku vidíme dravou rybu,... candát 0
8. Jak se jmenuje červeně vyznače... Svět 1
9. Většina rybníků disponuje jist... česle / česlice 0
10. Největším českým rybníkem je s... Lužnice 1